Laxton's building price book (Record no. 103036)

MARC details
000 -LEADER
fixed length control field 01039cam a2200277 4500
001 - CONTROL NUMBER
control field L123427
008 - FIXED-LENGTH DATA ELEMENTS--GENERAL INFORMATION
fixed length control field 030901n2003 000 0 eng u
020 ## - INTERNATIONAL STANDARD BOOK NUMBER
International Standard Book Number 0750647388
035 ## - SYSTEM CONTROL NUMBER
System control number (Sirsi) u123427
041 ## - LANGUAGE CODE
Language code of text/sound track or separate title eng
050 ## - LIBRARY OF CONGRESS CALL NUMBER
Classification number 692.5
-- 18
110 ## - MAIN ENTRY--CORPORATE NAME
Corporate name or jurisdiction name as entry element V B Johnson and Partners
245 ## - TITLE STATEMENT
Title Laxton's building price book
Remainder of title major and small works 2004
250 ## - EDITION STATEMENT
Edition statement 176th ed.
260 ## - PUBLICATION, DISTRIBUTION, ETC.
Place of publication, distribution, etc. Oxford
Name of publisher, distributor, etc. Laxton
Date of publication, distribution, etc. 2003
300 ## - PHYSICAL DESCRIPTION
Extent Various pagings
Dimensions 30cm.
350 ## - PRICE (NR) (BK AM CF MU VM SE) [OBSOLETE]
Price 105
520 ## - SUMMARY, ETC.
Summary, etc. The latest edition of this standard building price book is divided into six main sections: introduction and preliminaries; major works; small works; alterations, repairs and maintenance works; general information; brands and trade names and company information.
520 ## - SUMMARY, ETC.
Summary, etc. Accompanied by a CD-ROM (L145173) which is not available to loan
650 ## - SUBJECT ADDED ENTRY--TOPICAL TERM
Topical term or geographic name entry element MAJOR WORKS
650 ## - SUBJECT ADDED ENTRY--TOPICAL TERM
Topical term or geographic name entry element SMALL WORKS
650 ## - SUBJECT ADDED ENTRY--TOPICAL TERM
Topical term or geographic name entry element BUILDING PRICE BOOKS
650 ## - SUBJECT ADDED ENTRY--TOPICAL TERM
Topical term or geographic name entry element BUILT ENVIRONMENT-BUILDING COSTS
690 ## - LOCAL SUBJECT ADDED ENTRY--TOPICAL TERM (OCLC, RLIN)
Topical term or geographic name as entry element BUILT ENVIRONMENT-BUILDING COSTS
942 ## - ADDED ENTRY ELEMENTS (KOHA)
Suppress in OPAC 0
Holdings
Withdrawn status Lost status Source of classification or shelving scheme Damaged status Not for loan Home library Current library Shelving location Date acquired Cost, normal purchase price Total Checkouts Full call number Barcode Date last seen Date last checked out Copy number Cost, replacement price Price effective from Koha item type
    Other/Generic Classification Scheme     London London Basement 18/09/2003 89.25 5 BASEMENT 30067754 06/08/2019 18/07/2005 1 89.25 06/08/2019 Book